Historia de las naciones: popular, concisa, pintoresca y autorizada relación de cada una de las naciones desde los tiempos más remotos hasta nuestros días.
保存先:
| 主要な著者: | , , |
|---|---|
| その他の著者: | , , , , , , , , , , , , , , , , , , , , , |
| フォーマット: | 図書 |
| 言語: | スペイン語 |
| 出版事項: |
Barcelona, España
Seguí
1900
|
| 主題: | |
| タグ: |
タグ追加
タグなし, このレコードへの初めてのタグを付けませんか!
|
MARC
| LEADER | 00000cam a2200000 a 4500 | ||
|---|---|---|---|
| 001 | UCD6511 | ||
| 003 | CL-VaPUC | ||
| 005 | 20210630185518.0 | ||
| 008 | 161216e19000000sp |||||||||||||||||spa|d | ||
| 999 | |c 366817 |d 366815 | ||
| 040 | |c Pontificia Universidad Católica de Valparaíso | ||
| 082 | 0 | 4 | |a 909 PET 1900 |2 21 |
| 100 | 0 | |a Petrie Flinders, W. M |9 590333 | |
| 245 | 1 | 0 | |a Historia de las naciones: popular, concisa, pintoresca y autorizada relación de cada una de las naciones desde los tiempos más remotos hasta nuestros días. |
| 260 | 0 | 3 | |a Barcelona, España |b Seguí |c 1900 |
| 300 | |a 4 tomos. | ||
| 583 | |a last modification |c 20161216 10:21:00 |k Rodrigo Vera | ||
| 650 | 0 | |a Historia universal |9 266877 | |
| 700 | |a Giles, H. A |9 590334 | ||
| 700 | 0 | |a Bart Temple, Richard |9 590335 | |
| 700 | |a King, Leonard W |e author |9 516521 | ||
| 700 | |a Mahaffy, John Pentland |e autor |9 590337 | ||
| 700 | 0 | |a Abrahams, Israel |9 590338 | |
| 700 | 0 | |a Reid, James Smith |9 590339 | |
| 700 | 0 | |a Foord, Edwar |9 590340 | |
| 700 | 0 | |a Hassall, Arthur |9 590341 | |
| 700 | 0 | |a Longfor, Joseph Henry |9 590342 | |
| 700 | 0 | |a Holt, F. Appleby |9 590343 | |
| 700 | 0 | |a Margoliouth, D. S |9 590344 | |
| 700 | 0 | |a Brilliant, Oscar |9 590345 | |
| 700 | 0 | |a Thomas, Henry |9 590346 | |
| 700 | 0 | |a Coolidge, W. A. B |9 590347 | |
| 700 | 0 | |a Jayne, K. G |9 590348 | |
| 700 | 0 | |a Reddaway, W. F |9 590349 | |
| 700 | 0 | |a Browning, Oscar |9 590350 | |
| 700 | 0 | |a Reynolds, Rothay |9 590351 | |
| 700 | 0 | |a Rolleston, T. W |9 590352 | |
| 700 | 0 | |a Roswell, A. Bruce |9 590353 | |
| 700 | 0 | |a Spence, Lewis |9 590354 | |
| 700 | 0 | |a Rait, Robert |9 590355 | |
| 700 | 0 | |a Edwards, Owen M |9 590356 | |
| 700 | |a Hutchinson, Walter |e author |9 590357 | ||
| 942 | |c BK |2 ddc | ||
| 945 | |d 20161216 10:21:00 |a dcastane | ||
| 952 | |0 0 |1 0 |3 erd |4 0 |6 909_000000000000000_PET_1900 |7 0 |8 X |9 481365 |a FDOBUD |b FDOBUD |h t.1 |i 5325196 |o 909 PET 1900 |p 5325196 |r 2019-11-24 |t 1 |w 2019-11-24 |y BK_X |z Catalogado en:20161216 |k BUD | ||
| 952 | |0 0 |1 0 |3 erd |4 0 |6 909_000000000000000_PET_1900 |7 0 |8 X |9 481366 |a FDOBUD |b FDOBUD |h t.2 |i 532520K |o 909 PET 1900 |p 532520K |r 2019-11-24 |t 1 |w 2019-11-24 |y BK_X |z Catalogado en:20161216 |k BUD | ||
| 952 | |0 0 |1 0 |3 erd |4 0 |6 909_000000000000000_PET_1900 |7 0 |8 X |9 481367 |a FDOBUD |b FDOBUD |h t.3 |i 5325218 |o 909 PET 1900 |p 5325218 |r 2019-11-24 |t 1 |w 2019-11-24 |y BK_X |z Catalogado en:20161216 |k BUD | ||
| 952 | |0 0 |1 0 |3 erd |4 0 |6 909_000000000000000_PET_1900 |7 0 |8 X |9 481368 |a FDOBUD |b FDOBUD |h t.4 |i 5325226 |o 909 PET 1900 |p 5325226 |r 2019-11-24 |t 1 |w 2019-11-24 |y BK_X |z Catalogado en:20161216 |k BUD | ||